000 00392nam a22001217a 4500
003 SGT
082 _a891.4309
_bB11S
100 _aसहगल, नरेंद्र
245 _aभारत का राष्ट्रिय उद्घोष : जय श्री राम
260 _bसूर्य भारती प्रकाशन
_c2011
300 _a192
942 _2ddc
_cBK
999 _c30218
_d30218